|
|
|
|
| LEADER |
00000nam0a2200000 4500 |
| 001 |
352518 |
| 005 |
20231102010515.0 |
| 010 |
|
|
|a 500 экз.
|
| 035 |
|
|
|a (RuTPU)RU\TPU\retro\9148
|
| 090 |
|
|
|a 352518
|
| 100 |
|
|
|a 20200117d1928 k y0rusy50 ca
|
| 101 |
0 |
|
|a rus
|
| 102 |
|
|
|a RU
|
| 105 |
|
|
|a a z 000zy
|
| 200 |
1 |
|
|a Графический метод определения угла наклона шатуна в шатунно-кривошипном механизме и применение этого метода к расчету маховиков
|e [оттиск статьи]
|f Н. П. Шубин
|
| 210 |
|
|
|a Томск
|c Окрлит № 919
|c Типо-литография издат. газ. "Красное Знамя"
|d 1928
|
| 215 |
|
|
|a 6 с.
|c ил.
|
| 606 |
1 |
|
|a Кривошипно-шатунные механизмы
|x Расчет
|2 stltpush
|3 (RuTPU)RU\TPU\subj\16249
|9 42384
|
| 610 |
1 |
|
|a коллекция ТПУ
|
| 610 |
1 |
|
|a труды учёных ТПУ
|
| 610 |
1 |
|
|a оттиски
|
| 610 |
1 |
|
|a углы наклона
|
| 610 |
1 |
|
|a синусы
|
| 610 |
1 |
|
|a отношения
|
| 610 |
1 |
|
|a диаграммы
|
| 675 |
|
|
|a 621.837
|v 4
|
| 700 |
|
1 |
|a Шубин
|b Н. П.
|c выпускник МФ ТТИ 1921 г.
|c преподаватель ТТИ
|f 1891-1937
|g Николай Петрович
|2 stltpush
|3 (RuTPU)RU\TPU\pers\23433
|9 10209
|
| 801 |
|
1 |
|a RU
|b 63413507
|c 20200117
|
| 942 |
|
|
|c BK
|